Eugenio Flores Reyes : intuición y metáfora /

Na minha lista:
Detalhes bibliográficos
Autor principal: Flores Reyes, Eugenio (autor)
Outros Autores: Rivera, Leonel (curaduría y edición) (curaduría y edición)
Formato: Livro
Idioma:espanhol
Publicado em: Chihuahua, México : México : Universidad Autónoma de Chihuahua ; UNAM, Dirección General de Publicaciones, 2012, c2012
Assuntos:
Tags: Adicionar Tag
Sem tags, seja o primeiro a adicionar uma tag!

MARC

LEADER 00000nam^a2200000^a^4500
001 000371974
005 20250521000000.0
009 20260310115946.324
020 |a 978-607-02-3792-8 
020 |a 978-607-8223-17-6 
037 |a Acervo ITESO - Biblioteca 
041 |a ESP 
082 |a 759. 972  |b FLO RIV 
100 |a Flores Reyes, Eugenio  |e (autor) 
245 1 0 |a Eugenio Flores Reyes :  |b intuición y metáfora /  |c E. Flores Reyes ; curaduría y ed. de L. Rivera ; presen. de Jesús Enrique Séañez Sáenz ; pról. de Heriberto Ramírez Luján ; texto de Luis Nava Moreno. 
264 4 |a Chihuahua, México :  |b Universidad Autónoma de Chihuahua ;  |a México :  |b UNAM, Dirección General de Publicaciones,  |c 2012, c2012 
300 |a 175 p. 
336 |a texto  |b txt  |2 rdacontenido 
337 |a sin mediación  |b n  |2 rdamedio 
338 |a volumen  |b nc  |2 rdasoporte 
649 |a XX 
650 |a Pintores Mexicanos 
650 |a Artistas Mexicanos 
650 |a Expresionismo Abstracto -  |z México -  |x Historia y Crítica -  |x Tema Principal 
650 |a Pintura Mexicana -  |x Historia y Crítica 
650 |a Arte Abstracto -  |z México -  |x Historia y Crítica 
650 |a Arte Mexicano -  |x Historia y Crítica 
650 |a Flores Reyes, Eugenio -  |x Tema Principal 
700 |a Rivera, Leonel  |e (curaduría y edición) 
910 |a Fondo General 
920 |a Impresos - Libros 
930 |a Reserva Especial 
905 |a 103 
901 |a 0500266393  |b IT1  |c REE  |i C144508  |u 20250521 
902 |a https://opac.biblio.iteso.mx/vufind/Record/000371974